Aktuárske modely pre poistenie kritických chorôb
Nemocenské poistenie a spôsob výpočtu dávok v sociálnom systéme. Charakteristika nemocenského poistenia. Súkromné poisťovne - metódy a formy ohodnotenia rizík. Poistenie kritických osôb a eliminácia možnosti zneužitia poistenia. Viacstavové modely a Markovove procesy. Získanie údajov a pravdepodobno...
Salvato in:
| Autore principale: | |
|---|---|
| Altri autori: | |
| Natura: | Capitolo di libro |
| Lingua: | slovacco |
| Soggetti: | |
| Tags: |
Nessun Tag, puoi essere il primo ad aggiungerne!!
|
MARC
| LEADER | 00000naa$a2200000$$$4500 | ||
|---|---|---|---|
| 001 | 0105512 | ||
| 005 | 20240502083250.7 | ||
| 041 | 0 | |a slo | |
| 044 | |a CZ | ||
| 245 | 1 | 0 | |a Aktuárske modely pre poistenie kritických chorôb |c Lea Škrovánková, Michal Šoltés |
| 520 | |a Nemocenské poistenie a spôsob výpočtu dávok v sociálnom systéme. Charakteristika nemocenského poistenia. Súkromné poisťovne - metódy a formy ohodnotenia rizík. Poistenie kritických osôb a eliminácia možnosti zneužitia poistenia. Viacstavové modely a Markovove procesy. Získanie údajov a pravdepodobnosť výskytu kritickej choroby. | ||
| 610 | 2 | 0 | |a poistenie nemocenské |
| 610 | 2 | 0 | |a poistenie zdravotné |
| 610 | 2 | 0 | |a procesy Markovove |
| 610 | 2 | 0 | |a náhrada poistná |
| 610 | 2 | 0 | |a riziko poistné |
| 610 | 2 | 0 | |a modely |
| 610 | 2 | 0 | |a poistenie |
| 100 | 1 | |a Škrovánková, Lea, 1954- | |
| 700 | 1 | |a Šoltés, Michal | |